Statistiche per Podi italiani ai Giochi Olimpici di Pechino 2008

Clicka qui per fare il quiz!

Statistiche generali

  • Questo quiz è stato fatto 9 volte
  • Il punteggio medio è 18 su 42

Statistiche sulle risposte

MetalloSportSpecialitàM/FNome% Corretto
OroNuoto200 m stile liberoFFederica Pellegrini
100%
OroSchermaFioretto individualeFValentina Vezzali
100%
BronzoSchermaFioretto a squadreFValentina Vezzali
100%
BronzoSchermaSciabola a squadreMAldo Montano
89%
ArgentoVelaWindsurfFAlessandra Sensini
67%
OroTiro a voloSkeetFChiara Cainero
67%
ArgentoPugilatoPesi massimiMClemente Russo
67%
ArgentoTiro con l'arcoSquadreMMarco Galiazzo
67%
ArgentoTiro con l'arcoSquadreMMauro Nespoli
67%
OroAtletica leggeraMarcia 50 kmMAlex Schwazer
56%
BronzoSchermaSciabola a squadreMDiego Occhiuzzi
56%
BronzoSchermaFioretto a squadreFGiovanna Trillini
56%
ArgentoTiro a voloTrapMGiovanni Pellielo
56%
OroJudo57 kgFGiulia Quintavalle
56%
ArgentoCanoa/KayakK1 500 mFJosefa Idem
56%
BronzoSchermaSpada a squareMMatteo Tagliariol
56%
OroSchermaSpada individualeMMatteo Tagliariol
56%
OroPugilatoPesi supermassimiMRoberto Cammarelle
56%
ArgentoNuoto800 m stile liberoFAlessia Filippi
44%
OroLotta greco-romana84 kgMAndrea Minguzzi
44%
BronzoSchermaFioretto individualeFMargherita Granbassi
44%
BronzoSchermaFioretto a squadreFMargherita Granbassi
44%
ArgentoTaekwondo80 kgMMauro Sarmiento
44%
BronzoSchermaSciabola a squadreMLuigi Tarantino
33%
ArgentoCanottaggio4 di coppiaMRossano Galtarossa
33%
BronzoCiclismoCorsa in lineaFTatiana Guderzo
33%
ArgentoTiro con l'arcoSquadreMIlario Di Buò
22%
BronzoSchermaFioretto individualeMSalvatore Sanzo
22%
ArgentoCanottaggio4 di coppiaMSimone Venier
22%
BronzoSchermaSpada a squareMAlfredo Rota
11%
BronzoCanoa/KayakK2 1000 mMAndrea Facchin
11%
BronzoCanoa/KayakK2 1000 mMAntonio Scaduto
11%
BronzoSchermaSpada a squareMDiego Confalonieri
11%
BronzoVelaLaserMDiego Romero Paschetta
11%
BronzoAtletica leggeraMarcia 20 kmMElisa Rigaudo
11%
ArgentoTiro a voloDouble trapMFrancesco D'Aniello
11%
BronzoSchermaSciabola a squadreMGiampiero Pastore
11%
BronzoSchermaFioretto a squadreFIlaria Salvadori
11%
ArgentoCanottaggio4 di coppiaMLuca Agamennoni
11%
ArgentoCanottaggio4 di coppiaMSimone Raineri
11%
BronzoSchermaSpada a squareMStefano Carozzo
11%
BronzoPugilatoPesi moscaMVincenzo Picardi
11%

Distribuzione punteggi

Percentile per numero di risposta

Percentuale di utenti per punteggio

I tuoi punteggi nel tempo

Non hai fatto questo quiz